Markets (Record no. 84224)
[ view plain ]
| 000 -LEADER | |
|---|---|
| fixed length control field | 01098cab a22002055a 4500 |
| 001 - CONTROL NUMBER | |
| control field | L156996 |
| 008 - FIXED-LENGTH DATA ELEMENTS--GENERAL INFORMATION | |
| fixed length control field | 120807e2012 xxk 000 0 eng d |
| 035 ## - SYSTEM CONTROL NUMBER | |
| System control number | (Sirsi) u156996 |
| 041 0# - LANGUAGE CODE | |
| Language code of text/sound track or separate title | eng |
| 100 1# - MAIN ENTRY--PERSONAL NAME | |
| Personal name | Haslett, Emma |
| 245 00 - TITLE STATEMENT | |
| Title | Markets |
| Remainder of title | north London |
| 260 ## - PUBLICATION, DISTRIBUTION, ETC. | |
| Date of publication, distribution, etc. | 2012 |
| 490 #0 - SERIES STATEMENT | |
| Series statement | Property Week |
| Volume/sequential designation | 78(31) 3 August 2012, 37-40(4) |
| 520 ## - SUMMARY, ETC. | |
| Summary, etc. | Survey of recent commercial property activity in north London. Homes, shops and transport are cornerstones in "Tottenham in 2025" report's regeneration plans. Describes three schemes aiming to bring Tottenham back to life: Spurs' stadium investment; Hale Village; and Ward's Corner around Seven Sisters station. Hammerson will resist any attempts to turn Brent Cross into Westfield North London and push on with its own plans to extend the shopping centre and a 250 acre mixed-development scheme in Cricklewood. Quintain is to sell assets at its Wembley City devlopment to recycle capital and reduce its £535m debt. |
| 590 ## - LOCAL NOTE (RLIN) | |
| Local note | KA |
| 651 #4 - SUBJECT ADDED ENTRY--GEOGRAPHIC NAME | |
| Geographic name | London |
| 690 ## - LOCAL SUBJECT ADDED ENTRY--TOPICAL TERM (OCLC, RLIN) | |
| Topical term or geographic name as entry element | Commercial property |
| 9 (RLIN) | 6227 |
| 700 1# - ADDED ENTRY--PERSONAL NAME | |
| Personal name | Hatcher, David |
| 942 ## - ADDED ENTRY ELEMENTS (KOHA) | |
| Suppress in OPAC | 0 |
| Withdrawn status | Lost status | Source of classification or shelving scheme | Damaged status | Not for loan | Home library | Current library | Shelving location | Date acquired | Total Checkouts | Full call number | Barcode | Date last seen | Copy number | Price effective from | Koha item type |
|---|---|---|---|---|---|---|---|---|---|---|---|---|---|---|---|
| Dewey Decimal Classification | London | London | Journal article | 07/08/2012 | L156996 | 156996-1001 | 06/08/2019 | 1 | 06/08/2019 | Journal article |